00852nam a2200217Ia 450000500170000000800410001702000180005804000180007604100080009408200250010210000280012724501730015525000120032826000520034030000280039265000490042065000570046965000640052670000220059070000220061220250115110540.0210716s2012 xx 000 0 und d a9788184248128 cAIMIT LIBRARY aeng a001.072368 21bMEHK aMehta, K M;Hou, Jingyu. aInternational conference on software engineering and mobile application modelling and development :bproceedings of ICSEMA 2012 /cEdited by K M Mehata and Jingyu Hou. a1st ed. aNew Delhi :bAllied Publishers Pvt Ltd ,c2012. axi,364p. ;bPBc25.2 cm aSoftware quality measurement for reusability aTSVHOA- traffic sensitive vertical handoff algorithm aAn ontological approach for effective knowledge engineering aMehata, K M., ed. aHou, Jingyu., ed.